Cases in general management

Сохранить в:
Библиографические подробности
Главный автор: Donnell, Cyril O'
Формат:
Язык:Undetermined
Опубликовано: Homewood Richard D. Irwin 1961
Предметы:
Метки: Добавить метку
Нет меток, Требуется 1-ая метка записи!
Thư viện lưu trữ: Trung tâm Học liệu Trường Đại học Cần Thơ
LEADER 00474nam a2200181Ia 4500
001 CTU_86758
008 210402s9999 xx 000 0 und d
082 |a 658 
082 |b D658 
100 |a Donnell, Cyril O' 
245 0 |a Cases in general management 
245 0 |c Cyril O'Donnell 
260 |a Homewood 
260 |b Richard D. Irwin 
260 |c 1961 
650 |a Industrial management 
904 |i Năm 
980 |a Trung tâm Học liệu Trường Đại học Cần Thơ